Statistics for Saxony-Anhalt State Quiz

Click here to take the quiz!

General Stats

  • This quiz has been taken 122 times
  • The average score is 8 of 12

Answer Stats

HintAnswer% Correct
Who is said to have nailed 95 Theses on a church door?Martin Luther
95%
Capital cityMagdeburg
88%
Largest city, situated at the river SaaleHalle
86%
Dessau was a center of this 1920s artistic movement, which literally means "building house"Bauhaus
83%
Nihilist philosopher ("God is dead") born in the modern-day stateFriedrich Nietzsche
70%
Creatures that supposedly celebrate Walpurgis Night at the mountain BrockenWitches
67%
And in which university city was this church located?Wittenberg
67%
The capital's sacking by Catholic forces was a major massacre of this 17th century conflictThirty Years' War
63%
The capital's largest club is best known for its success in this sportHandball
51%
"Water music" composer who spent his later career in LondonGeorg Friedrich Händel
50%
Russian painter of abstract works such as "Composition" who worked in Dessau: Wassily _____Kandinsky
48%
Another abstract (and expressionist, cubist, surrealist) painter based in Dessau: Paul ___Klee
44%

Score Distribution

Percentile by Number Answered

Percent of People with Each Score

Your Score History

You have not taken this quiz